000 00562nam a2200193Ia 4500
003 IN-BaIIA
008 211028s9999 xx 000 0 eng d
020 _a0-521-32440-8
040 _cIIA Library
080 _a523.64
_bWHI
100 _aWhipple, Fred L.
_91290
245 4 _aThe mystery of comets
_cFred L. Whipple
260 _aCambridge
_bCambridge University Press
_c1985
300 _axi, 276p.
650 _aComet landscapes
_933464
650 _aComets
_9755
650 _aHalley comet
_933465
942 _cBK
999 _c17665
_d17665